Моделирование процессов в электролитической ванне при нанесении кальций-фосфатных покрытий; Физическая мезомеханика; Т. 8, № S

Bibliografiske detaljer
Parent link:Физическая мезомеханика/ Российская академия наук (РАН), Сибирское отделение (СО), Институт физики прочности и материаловедения (ИФПМ).— , 1998-
Т. 8, № S.— 2005.— [С. 61-64]
Hovedforfatter: Назаренко Н. Н. Нелли Николаевна
Andre forfattere: Князева А. Г. Анна Георгиевна
Summary:Заглавие с экрана
Предложена математическая модель для описания процессов в электролитической ванне при нанесении кальций-фосфатных покрытий микродуговым методом. Учитываются диффузия в жидкой и твердых (взвешенных частицах и титановом образце, на который наносится покрытие) фазах; основные химические превращения в частицах и в жидком растворе. Разработан алгоритм численного решения задачи, учитывающий различие характерных масштабов в различных фазах. Представлены отдельные расчеты, иллюстрирующие возможности модели.
Режим доступа: по договору с организацией-держателем ресурса
Sprog:russisk
Udgivet: 2005
Fag:
Online adgang:http://elibrary.ru/item.asp?id=10007679
Format: Electronisk Book Chapter
KOHA link:https://koha.lib.tpu.ru/cgi-bin/koha/opac-detail.pl?biblionumber=638107

MARC

LEADER 00000naa0a2200000 4500
001 638107
005 20250128130125.0
035 |a (RuTPU)RU\TPU\network\2340 
090 |a 638107 
100 |a 20141208d2005 k||y0rusy50 ca 
101 0 |a rus 
102 |a RU 
135 |a drcn ---uucaa 
181 0 |a i  
182 0 |a b 
200 1 |a Моделирование процессов в электролитической ванне при нанесении кальций-фосфатных покрытий  |f Н. Н. Назаренко, А. Г. Князева 
203 |a Текст  |c электронный 
300 |a Заглавие с экрана 
320 |a [Библиогр.: с. 64 (8 назв.)] 
330 |a Предложена математическая модель для описания процессов в электролитической ванне при нанесении кальций-фосфатных покрытий микродуговым методом. Учитываются диффузия в жидкой и твердых (взвешенных частицах и титановом образце, на который наносится покрытие) фазах; основные химические превращения в частицах и в жидком растворе. Разработан алгоритм численного решения задачи, учитывающий различие характерных масштабов в различных фазах. Представлены отдельные расчеты, иллюстрирующие возможности модели. 
333 |a Режим доступа: по договору с организацией-держателем ресурса 
461 |t Физическая мезомеханика  |f Российская академия наук (РАН), Сибирское отделение (СО), Институт физики прочности и материаловедения (ИФПМ)  |d 1998- 
463 |t Т. 8, № S  |v [С. 61-64]  |d 2005 
610 1 |a электронный ресурс 
610 1 |a труды учёных ТПУ 
700 1 |a Назаренко  |b Н. Н.  |g Нелли Николаевна 
701 1 |a Князева  |b А. Г.  |c российский физик  |c профессор Томского политехнического университета, доктор физико-математических наук  |f 1962-  |g Анна Георгиевна  |3 (RuTPU)RU\TPU\pers\25578  |9 11508 
801 2 |a RU  |b 63413507  |c 20141208  |g RCR 
856 4 |u http://elibrary.ru/item.asp?id=10007679 
942 |c CF